[Event "11th WUCC Women"]
[Site "Zuerich SUI"]
[Date "2010.09.07"]
[Round "4"]
[White "Garcia,Lir"]
[Black "Liyanagedara,L"]
[Result "1-0"]
[WhiteElo "1908"]
[BlackElo "1844"]
[EventDate "2010.09.05"]

1. d4 Nf6 2. c4 g6 3. Nc3 Bg7 4. e4 d6 5. f3 Nc6 6. Nge2 e5 7. d5 Ne7 8.
Bg5 Bd7 9. Qd2 Qb8 10. Nc1 a5 11. Be2 Qd8 12. O-O Nh5 13. Nd3 O-O 14. Rab1
Nf4 15. Nxf4 exf4 16. Bxf4 f5 17. Bg5 Qe8 18. Bd3 Kh8 19. Rbe1 f4 20. Bxf4
Qf7 21. Be3 Qg8 22. Bg5 Bf6 23. Bh6 Rf7 24. f4 Bg7 25. Bg5 Re8 26. e5 dxe5
27. fxe5 Rxf1+ 28. Bxf1 Bf5 29. h3 Qf7 30. e6 Qf8 31. g4 h6 32. Bh4 g5 33.
Bg3 Bh7 34. Bxc7 Ng6 35. d6 Ne5 36. Bg2 Rxe6 37. d7 Nxd7 38. Rxe6 Qc5+ 39.
Kh1 Qxc7 40. Re7 Qxc4 41. Qxd7 Qd4 42. Re8+ Bg8 43. Qc8 Bf8 44. Rxf8 Qg7
45. Bd5 1-0

[Event "11th WUCC Women"]
[Site "Zuerich SUI"]
[Date "2010.09.07"]
[Round "4"]
[White "Heinatz,M"]
[Black "Naydenova,Yordanka"]
[Result "1-0"]
[WhiteElo "1935"]
[BlackElo "1788"]
[EventDate "2010.09.05"]

1. e4 e5 2. Nf3 Nc6 3. Bb5 a6 4. Ba4 Nf6 5. O-O Be7 6. Re1 b5 7. Bb3 d6 8.
h3 O-O 9. c3 Na5 10. Bc2 c5 11. d4 Qc7 12. Nbd2 Bb7 13. d5 Ne8 14. Nf1 g6
15. Ng3 Nc4 16. Nh2 Bh4 17. Qg4 Qd8 18. b3 Bc8 19. Qf3 Nb6 20. Ng4 Ra7 21.
Nf1 Ng7 22. g3 Bxg4 23. Qxg4 Be7 24. f4 f5 25. Qd1 Bf6 26. Qd3 fxe4 27.
Rxe4 Qa8 28. Ne3 exf4 29. Rxf4 Be5 30. Rxf8+ Qxf8 31. Ng4 Re7 32. Bg5 Rd7
33. Rf1 Qc8 34. Qf3 Nh5 35. Nxe5 dxe5 36. Bh6 Ng7 37. Be4 c4 38. Qf6 Qc5+
39. Kh2 cxb3 40. Bxg7 bxa2 41. Bh6 a1=Q 42. Rxa1 Nxd5 43. Qe6+ Rf7 44. Bxd5
1-0

[Event "11th WUCC Women"]
[Site "Zuerich SUI"]
[Date "2010.09.08"]
[Round "5"]
[White "Severiukhina,Z"]
[Black "Tsereteli,T"]
[Result "1/2-1/2"]
[WhiteElo "2313"]
[BlackElo "2384"]
[EventDate "2010.09.05"]

1. e4 c5 2. Nf3 Nc6 3. d4 cxd4 4. Nxd4 Nf6 5. Nc3 e5 6. Ndb5 d6 7. Bg5 a6
8. Na3 b5 9. Nd5 Be7 10. Bxf6 Bxf6 11. c4 b4 12. Nc2 O-O 13. Be2 Rb8 14.
Qd3 Bg5 15. O-O Be6 16. Rfd1 a5 17. Bf3 Bxd5 18. Qxd5 Qb6 19. b3 Rfd8 20.
Bg4 Ne7 21. Qd3 Qc5 22. g3 Nc6 1/2-1/2

[Event "11th WUCC Women"]
[Site "Zuerich SUI"]
[Date "2010.09.08"]
[Round "5"]
[White "Seps,M"]
[Black "Guramishvili,S"]
[Result "1/2-1/2"]
[WhiteElo "2184"]
[BlackElo "2343"]
[EventDate "2010.09.05"]

1. e4 c5 2. Nf3 d6 3. d4 cxd4 4. Nxd4 Nf6 5. Nc3 a6 6. Bc4 e6 7. Bb3 Nbd7
8. Bg5 Nc5 9. f4 h6 10. Bxf6 Qxf6 11. O-O Be7 12. f5 Qg5 13. fxe6 fxe6 14.
Kh1 Bd7 15. Bc4 b5 16. b4 bxc4 17. bxc5 Qxc5 18. e5 d5 19. Qh5+ Kd8 20. Qg4
Qc8 21. Qxg7 Re8 22. Rf7 h5 23. Rd1 Ra7 24. Ne4 Qb8 25. Rxe7 Rxe7 26. Qg5
Rb7 27. Nc3 Rb2 1/2-1/2

[Event "11th WUCC Women"]
[Site "Zuerich SUI"]
[Date "2010.09.08"]
[Round "5"]
[White "Yanjindulam,D"]
[Black "Drljevic,L"]
[Result "0-1"]
[WhiteElo "2212"]
[BlackElo "2273"]
[EventDate "2010.09.05"]

1. e4 d6 2. d4 Nf6 3. Nc3 g6 4. Be3 Bg7 5. Nf3 O-O 6. Qd2 Bg4 7. Be2 Nc6 8.
h3 Bxf3 9. Bxf3 e5 10. d5 Nd4 11. O-O-O c6 12. h4 cxd5 13. exd5 Rc8 14. h5
Nxf3 15. gxf3 Nxh5 16. Bh6 Nf4 17. Rh2 Bxh6 18. Rxh6 f5 19. Kb1 Rf7 20. Ne2
Nxe2 21. Qxe2 Qc7 22. Rh4 Qc5 23. Qd2 Rfc7 24. c3 f4 25. Rg1 Rg7 26. Rh2
Qc4 27. Rd1 b5 28. Rhh1 Rgc7 29. Rdg1 Rg7 30. Re1 Rc5 31. Rd1 a5 32. Rhe1
Rc8 33. Re4 Qc5 34. Rc1 Rgc7 35. Rh1 Qb6 36. Qe2 Rc4 37. Rg1 Qb7 38. Qd3
R4c5 39. Rd1 Qc7 40. Rc1 Qf7 41. Rd1 Qf5 42. Ka1 Kg7 43. Qe2 R8c7 44. Qd3
Qc8 45. Rc1 Qf5 46. Rd1 h5 47. Qe2 Kh6 48. Qf1 Rc4 49. Qe2 g5 50. Rh1 R4c5
51. Rd1 Kg6 52. Qd3 Kf6 53. Qe2 Rc4 54. Rg1 R7c5 55. b4 axb4 56. cxb4 Rc7
57. a3 Rc3 58. Qxb5 Rxa3+ 59. Kb2 Rxf3 60. Qb6 Rxf2+ 61. Ka1 Rd7 62. Qb8
Kg7 63. Rc4 e4 64. Qb6 Qf6+ 65. Rd4 Rd2 66. Kb1 Qxd4 67. Rxg5+ Kf6 0-1

[Event "11th WUCC Women"]
[Site "Zuerich SUI"]
[Date "2010.09.08"]
[Round "5"]
[White "Munguntuul,B"]
[Black "Djukic,Sa"]
[Result "1-0"]
[WhiteElo "2412"]
[BlackElo "2198"]
[EventDate "2010.09.05"]

1. e4 c5 2. Nf3 Nc6 3. d4 cxd4 4. Nxd4 Qc7 5. Nc3 e6 6. Be3 a6 7. Qd2 Nf6
8. O-O-O Be7 9. f3 O-O 10. g4 b5 11. g5 Ne8 12. h4 Bb7 13. Kb1 Rc8 14. Rg1
Ne5 15. f4 Nc4 16. Bxc4 Qxc4 17. e5 Bb4 18. Nb3 Nc7 19. Bd4 Nd5 20. Rg3 Ba8
21. Rd3 Bxc3 22. Bxc3 b4 23. Bd4 Qb5 24. Qf2 a5 25. Nc5 Nc3+ 26. Bxc3 Rxc5
27. Bd4 Rcc8 28. Re3 Bd5 29. h5 a4 30. a3 Qc4 31. axb4 Qxb4 32. f5 exf5 33.
Qxf5 Be6 34. Qd3 Bg4 35. Rh1 a3 36. Rh4 a2+ 37. Ka1 Be6 38. Rf4 Qb7 39. Re1
Qg2 40. Rf2 Qxg5 41. Qf3 Rc4 42. Rg2 Qf5 43. Qxf5 Bxf5 44. c3 Be6 45. b3
Rc6 46. c4 Rb8 47. Re3 Bf5 48. Kxa2 Rh6 49. e6 Rxe6 50. Rxg7+ Kf8 51. Rg5
Bc2 52. Bc5+ d6 53. Rxe6 Bxb3+ 54. Ka3 dxc5 55. Re4 Bc2 56. Reg4 Rb3+ 57.
Ka2 Rh3 58. Rxc5 Bd1 59. Rgg5 h6 60. Rge5 Kg7 61. Kb2 Bg4 62. Ra5 Be6 63.
c5 Kf6 64. c6 Rb3+ 65. Kc2 Rb6 66. c7 Rc6+ 67. Rec5 Rxc5+ 68. Rxc5 Bc8 69.
Rd5 Be6 70. Rd6 1-0

[Event "11th WUCC Women"]
[Site "Zuerich SUI"]
[Date "2010.09.08"]
[Round "5"]
[White "Melekhina,A"]
[Black "Nakhbayeva,G"]
[Result "1-0"]
[WhiteElo "2273"]
[BlackElo "2216"]
[EventDate "2010.09.05"]

1. e4 e6 2. d4 d5 3. e5 c5 4. c3 Qb6 5. Nf3 Bd7 6. Bd3 cxd4 7. cxd4 Bb5 8.
O-O Bxd3 9. Qxd3 Ne7 10. Nc3 Nec6 11. a3 a5 12. Nb5 h6 13. Bf4 Nd7 14. Rac1
Be7 15. Nd6+ Bxd6 16. exd6 O-O 17. Rc3 a4 18. Qd2 Nf6 19. Bxh6 Ne4 20. Qf4
Nxd4 21. Nxd4 Qxd4 22. Rh3 gxh6 23. Qxh6 Qg7 24. Qh4 f6 25. f3 Ng5 26. Rg3
Rac8 27. f4 Rc4 28. Qh5 e5 29. fxg5 f5 30. g6 f4 31. Rh3 Rc6 32. Re1 Rxd6
33. Qh7+ Qxh7 34. gxh7+ Kh8 35. Rxe5 d4 36. Rd3 Rc8 37. Re4 Rc1+ 38. Kf2
Rc2+ 39. Re2 Rxe2+ 40. Kxe2 Rb6 41. Rxd4 Rxb2+ 42. Kf3 b5 43. Rd7 Rb3+ 44.
Kxf4 Rxa3 45. Kg5 Rc3 46. g4 a3 47. Ra7 b4 48. Kg6 Rc6+ 49. Kh5 b3 50. Rxa3
Rb6 51. Ra8+ Kxh7 52. Ra7+ Kg8 53. Ra8+ Kf7 54. Ra7+ Ke6 55. Ra1 b2 56. Rb1
Rb3 57. Kg6 Ke5 58. h4 Kf4 59. Kh5 Rb5+ 60. g5 Kg3 61. Kh6 Kxh4 62. g6 Rh5+
63. Kg7 Rb5 64. Kh7 Rh5+ 65. Kg8 Kg5 66. g7 Rh2 67. Kf7 Rf2+ 68. Ke7 Re2+
69. Kd7 Rd2+ 70. Kc7 1-0

[Event "11th WUCC Women"]
[Site "Zuerich SUI"]
[Date "2010.09.08"]
[Round "5"]
[White "Sukandar,I"]
[Black "Hegarty,S"]
[Result "1-0"]
[WhiteElo "2372"]
[BlackElo "2084"]
[EventDate "2010.09.05"]

1. e4 c5 2. Nf3 Nc6 3. d4 cxd4 4. Nxd4 g6 5. c4 Bg7 6. Be3 Nf6 7. Nc3 Ng4
8. Qxg4 Nxd4 9. Qd1 e5 10. Bd3 d6 11. O-O O-O 12. Qd2 Be6 13. Rac1 a6 14.
Rfd1 b5 15. Ne2 Bg4 16. Bxd4 Bxe2 17. Qxe2 exd4 18. cxb5 axb5 19. a3 Qb8
20. Qd2 Qb6 21. Qb4 Rfb8 22. g3 g5 23. Rc2 h6 24. Rdc1 Be5 25. Qb3 b4 26.
axb4 Kg7 27. b5 Qa5 28. Qd5 Ra7 29. Kh1 Qb4 30. Rc7 Rxc7 31. Rxc7 Rg8 32.
Bc4 1-0

[Event "11th WUCC Women"]
[Site "Zuerich SUI"]
[Date "2010.09.08"]
[Round "5"]
[White "Cheremnova,T"]
[Black "Hemmatizadeh,N"]
[Result "0-1"]
[WhiteElo "2225"]
[BlackElo "1891"]
[EventDate "2010.09.05"]

1. d4 Nf6 2. c4 c5 3. d5 b5 4. cxb5 a6 5. f3 g6 6. e4 d6 7. Na3 Bg7 8. Ne2
O-O 9. Nc3 Nbd7 10. Be2 Nb6 11. O-O Qc7 12. Be3 Qb8 13. Qd2 Rd8 14. Rab1
axb5 15. Naxb5 Na4 16. Nxa4 Rxa4 17. b3 Ra8 18. a4 Ba6 19. Bh6 Bh8 20. Qc2
Ne8 21. Bg5 Rd7 22. f4 Rb7 23. f5 Nc7 24. fxg6 hxg6 25. Nxc7 Rxc7 26. Bxa6
Rxa6 27. Bh6 Rb7 28. Kh1 Rab6 29. Qf2 Qe8 30. Qc2 Qb8 31. Rf3 Bf6 32. Bd2
Qe8 33. Qc4 Qb8 34. Ba5 Rb4 35. Bxb4 Rxb4 36. Qc2 c4 37. Rh3 c3 38. Rf3 Be5
39. Rxc3 Bxc3 40. Qxc3 Rxa4 41. b4 Qb5 42. h3 Ra2 43. Qf3 Ra4 44. Qc3 Ra2
45. Qf3 Ra4 46. Qb3 Ra8 47. Qc2 Ra4 48. Qb3 Ra8 49. Qc2 Ra4 50. Qc3 Ra2 51.
Qf3 Ra4 52. Rf1 f6 53. Rc1 Qxb4 54. Qg4 Qxe4 55. Qg3 Kf7 56. Rc7 Ra1+ 57.
Kh2 Qxd5 58. Qe3 Qe5+ 59. Qxe5 fxe5 60. Kg3 Rf1 61. Kg4 e4 62. g3 e3 63.
Rc2 Rf2 64. Rc1 e2 65. Re1 d5 0-1

[Event "11th WUCC Women"]
[Site "Zuerich SUI"]
[Date "2010.09.08"]
[Round "5"]
[White "Lindiawati,E"]
[Black "Zhang Ying"]
[Result "0-1"]
[WhiteElo "2133"]
[BlackElo "2210"]
[EventDate "2010.09.05"]

1. e4 e5 2. Nf3 Nc6 3. Bb5 a6 4. Bxc6 dxc6 5. d3 f6 6. Be3 Bd6 7. Nbd2 Ne7
8. Nc4 c5 9. c3 O-O 10. h3 b5 11. Ncd2 f5 12. exf5 Nxf5 13. Qb3+ Kh8 14.
Bg5 Qe8 15. Ne4 Bb7 16. Nfd2 h6 17. Be3 Nxe3 18. fxe3 Qh5 19. Qd1 Qg6 20.
Qg4 Qf7 21. Rf1 Qd5 22. Qe2 Rxf1+ 23. Kxf1 Be7 24. c4 Qd7 25. Kg1 Rd8 26.
Nf2 Bh4 27. Nde4 Bxe4 28. Nxe4 Qxd3 29. Qxd3 Rxd3 30. Nxc5 Rd2 31. Nxa6
bxc4 32. Rc1 Bf2+ 33. Kf1 Bxe3 34. Rxc4 Rf2+ 35. Ke1 Rxb2 36. Nxc7 Rxg2 37.
a4 Rh2 38. Nd5 Rxh3 39. Ke2 Bd4 40. Ne7 Kh7 41. Nf5 Rc3 42. Rb4 Kg6 43.
Nxd4 exd4 44. Rxd4 Ra3 45. Rd6+ Kh5 46. Ra6 g6 47. Kf2 Kg5 48. Ra8 h5 49.
a5 Kg4 50. a6 h4 51. a7 0-1

[Event "11th WUCC Women"]
[Site "Zuerich SUI"]
[Date "2010.09.08"]
[Round "5"]
[White "Martinez,Jan"]
[Black "Davletbayeva,M"]
[Result "0-1"]
[WhiteElo "1949"]
[BlackElo "2163"]
[EventDate "2010.09.05"]

1. d4 Nf6 2. Nf3 g6 3. Bg5 Bg7 4. c4 c5 5. e3 cxd4 6. exd4 O-O 7. Nc3 d6 8.
Be2 h6 9. Bh4 Bf5 10. O-O Ne4 11. Nxe4 Bxe4 12. Nd2 Bf5 13. Nb3 Nc6 14. Bg4
Bxg4 15. Qxg4 a5 16. d5 Ne5 17. Qe2 a4 18. Nd2 Re8 19. Rae1 Qb6 20. b3 Qd4
21. Bg3 axb3 22. Bxe5 Bxe5 23. Nf3 Qc3 24. axb3 Bf6 25. Rc1 Qxb3 26. Rb1
Qa2 27. Qxa2 Rxa2 28. Rxb7 Rc8 29. g3 Rxc4 30. Rb5 Kg7 31. Kg2 Rcc2 32. h3
Bb2 33. Rb7 Bf6 34. Rb5 Re2 35. Ng1 Red2 36. Nf3 Rdc2 37. h4 Re2 38. Ng1
Red2 39. Nf3 Rdc2 40. Kg1 Bb2 41. Rb7 Re2 42. Kg2 Ba3 43. Nd4 Re5 44. Nc6
Rxd5 45. Rxe7 Rf5 46. Nd4 Rd5 47. Nc6 Bc5 48. Nd8 Rf5 49. Rd7 Raxf2+ 50.
Rxf2 Rxf2+ 51. Kh3 Kf8 52. Nb7 Ke8 53. Rc7 Bb4 54. Rc4 Rb2 55. Rd4 Kd7 56.
Rc4 h5 57. Rf4 f5 58. Rc4 d5 59. Rd4 Kc7 60. Rxd5 Kxb7 61. Rd7+ Kc6 62. Rg7
Bd6 63. Rxg6 Rb3 64. Kg2 Kd5 65. Rg5 Rxg3+ 66. Rxg3 Bxg3 67. Kxg3 Ke4 68.
Kg2 Ke3 69. Kg1 f4 70. Kf1 Kf3 71. Ke1 Kg2 72. Ke2 f3+ 73. Ke3 f2 74. Kf4
f1=Q 75. Kg5 Kg3 76. Kxh5 Qf5+ 77. Kh6 Kxh4 78. Kg7 Qg5+ 0-1

[Event "11th WUCC Women"]
[Site "Zuerich SUI"]
[Date "2010.09.08"]
[Round "5"]
[White "Lestari,B"]
[Black "Alavi,H"]
[Result "1/2-1/2"]
[WhiteElo "2177"]
[BlackElo "1953"]
[EventDate "2010.09.05"]

1. e4 c6 2. d4 d5 3. Nc3 dxe4 4. Nxe4 Nd7 5. Ng5 Ngf6 6. N1f3 e6 7. Bd3 Bd6
8. Qe2 h6 9. Ne4 Nxe4 10. Qxe4 c5 11. Qg4 Qf6 12. Be3 b6 13. dxc5 bxc5 14.
O-O-O Rb8 15. c3 Rb6 16. Qh3 Bb7 17. Nd2 Be5 18. Kc2 Bd5 19. f4 Bc7 20. b3
Ke7 21. Rhe1 Rhb8 22. Be4 Bc6 23. Qf3 Bb5 24. c4 Ba6 25. Bc6 Qf5+ 26. Be4
Qf6 27. g4 Kf8 28. Rh1 Qe7 29. Qf2 Bd6 30. h4 Nf6 31. Bf3 Bb7 32. g5 Ng8
33. Ne4 Bxe4+ 34. Bxe4 a5 35. Rxd6 Rxd6 36. Bxc5 Rbd8 37. Rd1 Rxd1 38.
Bxe7+ Nxe7 39. Qe2 Ra1 40. Kb2 Rad1 41. Bc2 R1d2 42. Qh5 Nf5 43. gxh6 gxh6
44. Kb1 Rh2 45. Bxf5 exf5 46. Qxh6+ Ke8 47. Qh8+ Ke7 48. Qe5+ Kf8 49. Qh8+
Ke7 50. Qe5+ Kf8 51. Qe1 Rdd2 52. Qc1 Ke7 53. a3 Rd3 54. Qe1+ Kd7 55. b4
Rhd2 56. Qe5 Rd1+ 57. Kb2 R1d2+ 58. Kb1 Rd1+ 1/2-1/2

[Event "11th WUCC Women"]
[Site "Zuerich SUI"]
[Date "2010.09.08"]
[Round "5"]
[White "Salman,Ma"]
[Black "Heinatz,M"]
[Result "1-0"]
[WhiteElo "2001"]
[BlackElo "1935"]
[EventDate "2010.09.05"]

1. e4 c5 2. Nf3 e6 3. d4 cxd4 4. Nxd4 a6 5. Bd3 Bc5 6. Nb3 Be7 7. O-O d6 8.
Be3 Nf6 9. c4 Nc6 10. Nc3 Qc7 11. f4 h5 12. Kh1 Bd7 13. Rc1 Rc8 14. Be2 Na5
15. Nd2 b6 16. b4 Nc6 17. a3 Na7 18. Nb3 Qb8 19. Qd4 Bd8 20. Rcd1 Bc7 21.
b5 axb5 22. cxb5 e5 23. fxe5 dxe5 24. Qb4 Bd8 25. Nd5 Nxd5 26. exd5 Rc2 27.
Bd3 Be7 28. Qe4 Rc3 29. d6 Bxd6 30. Nd4 Rxd3 31. Rxd3 O-O 32. Nc6 Nxc6 33.
bxc6 Be6 34. Rfd1 Be7 35. Qa4 Rc8 36. Qb5 Qa8 37. Rc3 Bg4 38. Rdc1 Bc5 39.
Bxc5 bxc5 40. Qxc5 f6 41. Rb3 Qa4 42. Qd5+ Kh7 43. Qb5 Qf4 44. Rbc3 e4 45.
h3 Be6 46. Qxh5+ Kg8 47. Qc5 f5 48. Qe7 Ba2 49. c7 Qd2 50. Qc5 Bf7 51. Qxf5
1-0

[Event "11th WUCC Women"]
[Site "Zuerich SUI"]
[Date "2010.09.08"]
[Round "5"]
[White "Kadek,I"]
[Black "Garcia,Lir"]
[Result "0-1"]
[WhiteElo "1889"]
[BlackElo "1908"]
[EventDate "2010.09.05"]

1. e4 c6 2. d4 d5 3. exd5 cxd5 4. c4 Nf6 5. Nc3 Nc6 6. Nf3 Bg4 7. Be3 e6 8.
c5 Be7 9. Bb5 O-O 10. Bxc6 bxc6 11. h3 Bxf3 12. gxf3 Qb8 13. Rb1 e5 14. Rg1
Re8 15. Ne2 Qb4+ 16. Qd2 Rab8 17. Qxb4 Rxb4 18. a3 Rb3 19. dxe5 Nd7 20. Nd4
Rb7 21. Nf5 g6 22. f4 Bf8 23. Kd2 Nxc5 24. Bxc5 Bxc5 25. Rgc1 Bf8 26. Ne3
Bh6 27. Ng2 Rxe5 28. Rxc6 Rf5 29. Ke3 Re7+ 30. Kf3 Re4 31. Ne3 Rexf4+ 32.
Ke2 Rxf2+ 0-1

[Event "11th WUCC Women"]
[Site "Zuerich SUI"]
[Date "2010.09.08"]
[Round "5"]
[White "Dale,H"]
[Black "Liyanagedara,L"]
[Result "1-0"]
[WhiteElo "1779"]
[BlackElo "1844"]
[EventDate "2010.09.05"]

1. c4 d6 2. Nc3 g6 3. g3 Bg7 4. Bg2 Nf6 5. d3 c6 6. e4 e5 7. Nge2 O-O 8.
Bg5 Qc7 9. O-O Ne8 10. Qd2 Be6 11. Rab1 f6 12. Be3 Nd7 13. f4 exf4 14. Nxf4
Bf7 15. Bh3 Qd8 16. Ne6 Bxe6 17. Bxe6+ Kh8 18. d4 Nc7 19. Bh3 Nb6 20. b3 d5
21. c5 Nc8 22. Bf4 dxe4 23. Nxe4 Nd5 24. Nd6 Nxd6 25. Bxd6 Re8 26. Rbe1 f5
27. Bg2 Qf6 28. Be5 Qd8 29. Bxg7+ Kxg7 30. Rxe8 Qxe8 31. Bxd5 cxd5 32. Re1
Qd7 33. Qe3 Kf7 34. Kf2 Rc8 35. b4 a6 36. Qb3 Re8 37. Rxe8 Kxe8 38. Qe3+
Kf7 39. Qe5 Kg8 40. Kf3 h6 41. h4 Kh7 42. Qd6 Qg7 43. Kf4 g5+ 44. hxg5
hxg5+ 45. Kxf5 Qf7+ 46. Qf6 Qh5 47. Ke6 Qe2+ 48. Qe5 Qxa2 49. Qxd5 Qe2+ 50.
Kf6 Qe1 51. Qf7+ Kh6 52. Qg6+ 1-0

[Event "11th WUCC Women"]
[Site "Zuerich SUI"]
[Date "2010.09.08"]
[Round "6"]
[White "Drljevic,L"]
[Black "Borosova,Z"]
[Result "1-0"]
[WhiteElo "2273"]
[BlackElo "2277"]
[EventDate "2010.09.05"]

1. Nf3 c5 2. e4 d6 3. g3 Nc6 4. Bg2 Nf6 5. d3 g6 6. O-O Bg7 7. c3 O-O 8.
Re1 e5 9. a3 a5 10. a4 h6 11. Na3 Re8 12. Qc2 Be6 13. Nb5 Na7 14. Nxa7 Rxa7
15. d4 Qc7 16. dxe5 dxe5 17. b3 Raa8 18. Nd2 Rad8 19. Bf1 Bd7 20. Nc4 Bc6
21. Bg2 b6 22. f3 Bb7 23. Be3 Nd7 24. Rad1 Nb8 25. Rxd8 Rxd8 26. Rd1 Ba6
27. Bf1 Rxd1 28. Qxd1 Bxc4 29. Bxc4 Qd7 30. Qxd7 Nxd7 31. Bb5 Nf6 32. Kf2
Bf8 33. Ke2 g5 34. g4 Bd6 35. Kd3 Kf8 36. b4 cxb4 37. Bxb6 b3 38. Bxa5 h5
39. h3 h4 40. Bb4 Ke7 41. a5 Bxb4 42. cxb4 Kd6 43. Kc3 Ng8 44. Kxb3 Ne7 45.
Kc4 Ng6 46. a6 Kc7 47. Kc5 Nf4 48. Bc4 1-0

[Event "11th WUCC Women"]
[Site "Zuerich SUI"]
[Date "2010.09.08"]
[Round "6"]
[White "Tuvshintugs,B"]
[Black "Severiukhina,Z"]
[Result "1-0"]
[WhiteElo "2333"]
[BlackElo "2313"]
[EventDate "2010.09.05"]

1. d4 Nf6 2. Nf3 g6 3. c4 Bg7 4. Nc3 O-O 5. e4 d6 6. h3 e5 7. d5 a5 8. Bg5
Na6 9. Nd2 Qe8 10. Be2 Nd7 11. Nb3 b6 12. g4 f6 13. Be3 Ndc5 14. Nxc5 Nxc5
15. Rg1 Kh8 16. Qd2 Qf7 17. O-O-O a4 18. Bxc5 bxc5 19. Nb5 f5 20. f3 Qe7
21. Rdf1 Rf7 22. Kb1 Qh4 23. Bd3 Bh6 24. g5 Bf8 25. Qg2 Kg8 26. exf5 Bxf5
27. Bxf5 Rxf5 28. Qg4 Qxg4 29. fxg4 Rxf1+ 30. Rxf1 Rc8 31. Nc3 Ra8 32. Ne4
Be7 33. Rf3 Kg7 34. Kc2 Rh8 35. a3 h5 36. gxh6+ Rxh6 37. b3 Rh8 38. bxa4
Ra8 39. Nc3 Bg5 40. Nb5 Bd8 41. Kb3 Ra6 42. Rf1 Kg8 43. Rh1 g5 44. Rb1 Kf7
45. Nc3 Ke7 46. Kc2 Kd7 47. Kd3 c6 48. Rb7+ Kc8 49. Rg7 cxd5 50. cxd5 Rb6
51. Nb5 Bf6 52. Rf7 e4+ 53. Kxe4 Bb2 54. Kf5 Kb8 55. Ke6 c4 56. Rf3 Ra6 57.
Rf8+ Kb7 58. Rf7+ Kb6 59. Rf2 c3 60. Rc2 1-0

[Event "11th WUCC Women"]
[Site "Zuerich SUI"]
[Date "2010.09.08"]
[Round "6"]
[White "Tsereteli,T"]
[Black "Melekhina,A"]
[Result "1/2-1/2"]
[WhiteElo "2384"]
[BlackElo "2273"]
[EventDate "2010.09.05"]

1. e4 e5 2. Nf3 Nc6 3. Bc4 Nf6 4. d3 h6 5. O-O d6 6. c3 g6 7. d4 Qe7 8.
dxe5 Nxe5 9. Nxe5 dxe5 10. Qe2 Bg7 11. b3 O-O 12. Ba3 c5 13. Qe3 b6 14. b4
Be6 15. Bxe6 Qxe6 16. bxc5 b5 17. Nd2 Rfd8 18. Rfd1 Qa6 19. Bb4 Qc6 20. Nb3
Qxe4 21. Qxe4 Nxe4 22. c6 Rdc8 23. Na5 Bf6 24. Rd5 a6 25. c4 Bd8 26. Re1
Ng5 27. Rdxe5 Bxa5 28. Bxa5 Rxc6 29. cxb5 axb5 30. Rxb5 Rca6 31. Bc3 Rxa2
32. Reb1 Re8 33. Rb8 Ra8 34. Rxa8 Rxa8 35. f3 Ne6 36. Be5 Kf8 37. Bf6 h5
1/2-1/2

[Event "11th WUCC Women"]
[Site "Zuerich SUI"]
[Date "2010.09.08"]
[Round "6"]
[White "Guramishvili,S"]
[Black "Fuchs,Ju"]
[Result "1-0"]
[WhiteElo "2343"]
[BlackElo "2237"]
[EventDate "2010.09.05"]

1. d4 Nf6 2. c4 e6 3. Nc3 Bb4 4. Bg5 h6 5. Bh4 c5 6. d5 Bxc3+ 7. bxc3 d6 8.
e3 Qe7 9. Nf3 Nbd7 10. Bd3 Nb6 11. O-O exd5 12. cxd5 O-O 13. c4 Bg4 14. Qc2
Nbd7 15. Nd2 Ne5 16. f4 Nxd3 17. Qxd3 b5 18. f5 bxc4 19. Nxc4 Qe4 20. Qxe4
Nxe4 21. Rf4 g5 22. Rxg4 Nf6 23. Rg3 Ne4 24. h3 Rfe8 25. Rg4 Rad8 26. Bg3
h5 27. Rxe4 Rxe4 28. Rc1 h4 29. Bh2 f6 30. Kf2 1-0

[Event "11th WUCC Women"]
[Site "Zuerich SUI"]
[Date "2010.09.08"]
[Round "6"]
[White "Zhang Ying"]
[Black "Seps,M"]
[Result "1-0"]
[WhiteElo "2210"]
[BlackElo "2184"]
[EventDate "2010.09.05"]

1. e4 c5 2. Nf3 d6 3. Bc4 e6 4. Qe2 Nc6 5. c3 a6 6. Bb3 Qc7 7. O-O Nge7 8.
d4 Na5 9. Bc2 Bd7 10. Rd1 Bb5 11. Qe1 cxd4 12. Nxd4 Bd7 13. Nd2 Ng6 14.
N2b3 Be7 15. f4 Nc4 16. Nd2 b5 17. Nxc4 bxc4 18. f5 Ne5 19. Qg3 O-O 20. Bh6
Bf6 21. Rf1 g6 22. Bxf8 Rxf8 23. fxg6 fxg6 24. Rf2 Rf7 25. Raf1 Qd8 26. Nf3
Be8 27. Qh3 Qe7 28. Nd4 Bd7 29. b3 a5 30. bxc4 a4 31. Rb1 Bg5 32. Rxf7 Qxf7
33. Rb8+ Kg7 34. Rb7 Ng4 35. Nf3 Be3+ 36. Kf1 e5 37. Bd3 h5 38. Ke2 Kh6 39.
Qh4 g5 40. Qe1 Bc5 41. h3 Ne3 42. Qg3 g4 43. hxg4 Nxg4 44. Nh4 Bf2 45. Nf5+
Kg6 46. Qf3 Qe6 47. g3 Bc5 48. Nh4+ Kg7 49. Qf5 1-0

[Event "11th WUCC Women"]
[Site "Zuerich SUI"]
[Date "2010.09.08"]
[Round "6"]
[White "Davletbayeva,M"]
[Black "Sukandar,I"]
[Result "1/2-1/2"]
[WhiteElo "2163"]
[BlackElo "2372"]
[EventDate "2010.09.05"]

1. e4 e5 2. Nf3 Nc6 3. Bc4 Bc5 4. c3 Nf6 5. d3 d6 6. h3 a6 7. Bb3 h6 8.
Nbd2 Ba7 9. Nf1 O-O 10. Ng3 d5 11. Qe2 Re8 12. Nh2 Na5 13. Bc2 Be6 14. Ng4
Nc6 15. Qf3 Nh7 16. Bb3 dxe4 17. dxe4 Ng5 18. Qe2 Bxb3 19. axb3 Ne6 20. Qf3
Ng5 21. Qe2 Ne6 22. Qf3 Ng5 23. Qe2 Ne6 1/2-1/2

[Event "11th WUCC Women"]
[Site "Zuerich SUI"]
[Date "2010.09.08"]
[Round "6"]
[White "Hemmatizadeh,N"]
[Black "Yanjindulam,D"]
[Result "0-1"]
[WhiteElo "1891"]
[BlackElo "2212"]
[EventDate "2010.09.05"]

1. c4 Nf6 2. Nc3 g6 3. g3 Bg7 4. Bg2 d6 5. Nf3 O-O 6. O-O c5 7. d4 Nc6 8.
h3 a6 9. e4 cxd4 10. Nxd4 Nxd4 11. Qxd4 Be6 12. Qd3 Qc8 13. Nd5 Nxd5 14.
cxd5 Bxh3 15. Qb3 b5 16. Be3 Qg4 17. Bxh3 Qxh3 18. Rac1 f5 19. Bg5 Rae8 20.
Rc7 Rf7 21. Qc2 Bd4 22. Qd3 Be5 23. exf5 Rxf5 24. f4 Bf6 25. Bxf6 exf6 26.
Qf3 Rh5 27. Rc2 Re7 28. Rd2 Qc8 29. Kg2 Qc5 30. g4 Re3 31. gxh5 Rxf3 32.
Kxf3 Kg7 33. hxg6 hxg6 34. Re1 Kf7 35. Rh1 f5 36. Rh7+ Kf6 37. Rd7 a5 38.
Rd3 a4 39. a3 g5 40. fxg5+ Kxg5 41. Rg7+ Kf6 42. Rd7 Kg6 43. Re7 Qc4 44.
Re6+ Kg5 45. Ke2 f4 46. Rxd6 f3+ 47. Kd2 Qf4+ 48. Ke1 Qe5+ 49. Kd2 Qxb2+
50. Ke3 Qe2+ 51. Kd4 f2 52. Rd8 Qb2+ 53. Ke4 f1=Q 0-1

[Event "11th WUCC Women"]
[Site "Zuerich SUI"]
[Date "2010.09.08"]
[Round "6"]
[White "Kharashuta,E"]
[Black "Van Nies,P"]
[Result "1/2-1/2"]
[WhiteElo "2298"]
[BlackElo "2167"]
[EventDate "2010.09.05"]

1. Nf3 c5 2. c4 Nf6 3. d4 cxd4 4. Nxd4 g6 5. Nc3 Bg7 6. g3 Nc6 7. Nc2 O-O
8. Bg2 d6 9. O-O Bd7 10. b3 Qc8 11. Rb1 Bh3 12. Ne3 Bxg2 13. Kxg2 Ng4 14.
Ncd5 Nxe3+ 15. Bxe3 e6 16. Nf4 Rd8 17. f3 d5 18. cxd5 exd5 19. Qd2 d4 20.
Bf2 Qd7 21. Rfd1 Qe7 22. Rbc1 a5 23. Rc4 Qd6 24. Nd3 Qe7 25. Rdc1 h5 26.
Nf4 Rd7 27. Rc5 Re8 28. R1c2 Red8 29. Rb5 Qf6 30. Nd3 Bf8 31. h3 Nb4 32.
Rc4 Nxd3 33. Qxd3 b6 34. g4 h4 35. g5 Qf4 36. e3 dxe3 37. Qxe3 Qxe3 38.
Bxe3 Bc5 39. Bxc5 bxc5 40. Rxh4 Rd2+ 41. Kg3 Rxa2 42. Rxc5 Rb2 43. Rb5 Kg7
44. Rb7 Rd5 45. Rg4 a4 46. Rxa4 Rxg5+ 47. Rg4 Rd5 48. h4 Rdd2 49. Re4 Rg2+
50. Kf4 Kf6 51. b4 Rh2 52. Rb6+ Kg7 53. Ke5 Rb3 54. Rf4 Re3+ 55. Kd4 Re7
56. Rc6 Rd2+ 57. Kc5 Rc2+ 58. Kb6 Rd2 59. Rc7 Re6+ 60. Kb7 Rf6 61. Rxf6
Kxf6 62. b5 Rd3 63. b6 Rxf3 64. Kc8 Rf4 65. b7 Rxh4 66. Rc6+ Kf5 67. Kc7
Rh8 68. Rd6 f6 69. b8=Q Rxb8 70. Kxb8 g5 71. Kc7 g4 72. Rd8 Kf4 73. Kd6 g3
74. Ke6 g2 75. Rg8 Kf3 76. Rg6 Kf2 77. Rxf6+ Ke2 78. Rg6 Kf2 79. Ke5 g1=Q
80. Rxg1 Kxg1 1/2-1/2

[Event "11th WUCC Women"]
[Site "Zuerich SUI"]
[Date "2010.09.08"]
[Round "6"]
[White "Hoolt,S"]
[Black "Salman,Ma"]
[Result "0-1"]
[WhiteElo "2251"]
[BlackElo "2001"]
[EventDate "2010.09.05"]

1. e4 c5 2. Nf3 d6 3. d4 cxd4 4. Nxd4 Qb6 5. Nc3 Nf6 6. Bb5+ Bd7 7. Be3 Qc7
8. O-O a6 9. Be2 e6 10. f4 Nc6 11. Qe1 Be7 12. Qg3 O-O 13. Kh1 Rfd8 14.
Rad1 b5 15. e5 dxe5 16. fxe5 Ne8 17. Nf3 f6 18. Ne4 Nxe5 19. Bf4 Qxc2 20.
Nxe5 Qxe2 21. Nc3 Qxb2 22. Nxd7 Rac8 23. Ne4 Qc2 24. Qd3 Qxa2 25. Qh3 Qc4
26. Nb6 Rxd1 27. Rxd1 Rd8 28. Bd6 Qxe4 0-1

[Event "11th WUCC Women"]
[Site "Zuerich SUI"]
[Date "2010.09.08"]
[Round "6"]
[White "Alavi,H"]
[Black "Nakhbayeva,G"]
[Result "1-0"]
[WhiteElo "1953"]
[BlackElo "2216"]
[EventDate "2010.09.05"]

1. d4 Nf6 2. c4 e6 3. Nf3 b6 4. a3 Ba6 5. Qc2 c5 6. e3 cxd4 7. exd4 d5 8.
Bg5 Nbd7 9. Ne5 Rc8 10. Qa4 Bxc4 11. Nxc4 dxc4 12. Bxc4 Be7 13. Ba6 Ra8 14.
O-O O-O 15. Nc3 Nd5 16. Bxe7 Nxe7 17. Rac1 Nf6 18. Rfd1 Qd6 19. h3 Rad8 20.
Nb5 Qb8 21. Rc7 Rd7 22. Rdc1 Rfd8 23. Qc2 g6 24. Nxa7 Qa8 25. Bc8 Nxc8 26.
Nxc8 Rxd4 27. Ne7+ Kg7 28. Nc6 Rd2 29. Qb3 R8d5 30. Qc3 R5d3 31. Rxf7+ Kxf7
32. Ne5+ Kg7 33. Nxd3 Qa5 34. b4 Qg5 35. h4 Qh5 36. Qc7+ Kh8 37. Ne5 Qxh4
38. Qc8+ Kg7 39. Rc7+ Kh6 40. Qf8+ Kh5 41. g4+ 1-0